书目信息 |
| 题名: |
普通生态学
|
|
| 作者: | 尚玉昌 编著 | |
| 分册: | ||
| 出版信息: | 北京 北京大学出版社 2010.08 |
|
| 页数: | 529页 | |
| 开本: | 20cm | |
| 丛书名: | ||
| 单 册: | ||
| 中图分类: | Q14-43 | |
| 科图分类: | ||
| 主题词: | 生物学:生态学 | |
| 电子资源: | ||
| ISBN: | 978-7-301-17555-2 | |
| 000 | 00579nam0 2200205 45 | |
| 001 | 2159067274 | |
| 005 | 20210406163715.68 | |
| 010 | @a978-7-301-17555-2@dRMB 75.00 | |
| 100 | @a20210406d2010 km y0chiy0120 ea | |
| 101 | 0 | @achi |
| 102 | @aCN@b110000 | |
| 200 | 1 | @a普通生态学@Apu tong sheng tai xue@f尚玉昌编著@Fshang yu chang bian zhu |
| 205 | @a3版 | |
| 210 | @a北京@c北京大学出版社@d2010.08 | |
| 215 | @a529页@d20cm | |
| 606 | 0 | @a生物学:生态学 |
| 690 | @aQ14-43@v4 | |
| 701 | 0 | @a尚玉昌@Ashang yu chang@4编著 |
| 801 | 0 | @aCN@bPFT@c20210406 |
| 905 | @a10447@dQ14-43@eS312=3 | |
| 普通生态学/尚玉昌编著.-3版.-北京:北京大学出版社,2010.08 |
| 529页;20cm |
| ISBN 978-7-301-17555-2:RMB 75.00 |
| ● |
| 相关链接 |
|
|
|
正题名:普通生态学
索取号:Q14-43/S312=3
 
预约/预借
| 序号 | 登录号 | 条形码 | 馆藏地/架位号 | 状态 | 备注 |
| 1 | 1504951 | 215049515 | 生命科学与工程学院资料室/ [索取号:Q14-43/S312=3] | 在馆 |